Elenca la formazione - Finale UEFA Champions League 2012-2013 - Statistics

Statistiche generali
  • Questo quiz è stato fatto 117 volte
  • Il punteggio medio è 16 su 22
Statistiche sulle risposte
Ruolo Nazione Calciatore % Corretto
Attaccante Polonia Robert Lewandowski
96%
Difensore Austria David Alaba
93%
Portiere Germania Manuel Neuer
93%
Ala Paesi Bassi Arjen Robben
92%
Ala Francia Franck Ribéry
92%
Attaccante Croazia Mario Mandžukić
90%
Trequartista Germania Marco Reus
88%
Difensore Germania Mats Hummels
88%
Difensore Germania Philipp Lahm
88%
Trequartista Germania Thomas Müller
84%
Difensore Germania Jérôme Boateng
78%
Difensore Brasile Dante
74%
Centrocampista Germania Bastian Schweinsteiger
73%
Portiere Germania Roman Weidenfeller
73%
Centrocampista Germania İlkay Gündoğan
69%
Centrocampista Spagna Javi Martínez
69%
Difensore Serbia Neven Subotić
64%
Difensore Polonia Łukasz Piszczek
55%
Ala Polonia Jakub Błaszczykowski
49%
Difensore Germania Marcel Schmelzer
45%
Centrocampista Germania Sven Bender
32%
Ala Germania Kevin Großkreutz
22%
Nessun quiz corrispondente trovato
Distribuzione punteggi
Percentuale di utenti per punteggio
Percentile per numero di risposta
I tuoi punteggi nel tempo
Non hai fatto questo quiz